UM Logo

Learner's Language Strategies and their Academic Performance in Spanish Subject/ (Record no. 14987)

MARC details
000 -LEADER
fixed length control field 00662nam a22001697a 4500
008 - FIXED-LENGTH DATA ELEMENTS--GENERAL INFORMATION
fixed length control field 200204b ||||| |||| 00| 0 eng d
082 ## - DEWEY DECIMAL CLASSIFICATION NUMBER
Edition number 2013
Classification number UT 1423
Item number B64
100 ## - MAIN ENTRY--PERSONAL NAME
Personal name Boroy, Mary Josette C.
9 (RLIN) 41597
245 ## - TITLE STATEMENT
Title Learner's Language Strategies and their Academic Performance in Spanish Subject/
Statement of responsibility, etc. Mary Josette C. Boroy, Marilou S. Lubalan & Shalyn B. Milloren
260 ## - PUBLICATION, DISTRIBUTION, ETC. (IMPRINT)
Place of publication, distribution, etc. Digos City
Name of publisher, distributor, etc. UMDC
Date of publication, distribution, etc. October 2013
300 ## - PHYSICAL DESCRIPTION
Extent 56 pages
Dimensions 30 cm
650 ## - SUBJECT ADDED ENTRY--TOPICAL TERM
Topical term or geographic name as entry element Secondary Education
Form subdivision English
General subdivision Undergraduate Thesis
9 (RLIN) 41598
700 ## - ADDED ENTRY--PERSONAL NAME
Personal name Boroy, Mary Josette C.
9 (RLIN) 41599
700 ## - ADDED ENTRY--PERSONAL NAME
Personal name Lubalan, Marilou S.
9 (RLIN) 41600
700 ## - ADDED ENTRY--PERSONAL NAME
Personal name Milloren, Shalyn B.
9 (RLIN) 41601
942 ## - ADDED ENTRY ELEMENTS (KOHA)
Source of classification or shelving scheme Dewey Decimal Classification
Koha item type Undergraduate Thesis
Holdings
Withdrawn status Lost status Source of classification or shelving scheme Damaged status Not for loan Collection code Home library Current library Date acquired Total Checkouts Full call number Barcode Date last seen Price effective from Koha item type
    Dewey Decimal Classification     Undergraduate Theses UM Digos College - LIC UM Digos College - LIC 01/22/2020   UT 1423 B64 2013 UT 1423 02/04/2020 02/04/2020 Undergraduate Thesis